| Tag |
First Indicator |
Second Indicator |
Subfields |
| LEADER |
00000cam a2200000 a 4500 |
| 001 |
in00000861213 |
| 005 |
20151019103816.0 |
| 008 |
870401s1986 dcua f00000 eng d |
| 010 |
|
|
|a gp 88010780
|
| 035 |
|
|
|a (OCoLC)15503135
|
| 035 |
|
|
|9 AEH2424AM
|
| 040 |
|
|
|a OKX
|c OKX
|d m/c
|d GPO
|d UtOrBLW
|
| 043 |
|
|
|a n-us---
|
| 050 |
|
0 |
|a 88010780
|
| 074 |
|
|
|a 499-G-2
|
| 086 |
0 |
|
|a HE 23.1102:H 34/2/986
|
| 245 |
0 |
0 |
|a Head Start, a child development program.
|
| 264 |
|
1 |
|a [Washington, D.C.] :
|b U.S. Dept. of Health and Human Services, Office of Human Development Services, Administration for Children, Youth and Families, Head Start Bureau,
|c 1986.
|
| 300 |
|
|
|a 14 unnumbered pages :
|b illustrations ;
|c 23 x 11 cm.
|
| 336 |
|
|
|a text
|b txt
|2 rdacontent
|
| 337 |
|
|
|a unmediated
|b n
|2 rdamedia
|
| 338 |
|
|
|a volume
|b nc
|2 rdacarrier
|
| 500 |
|
|
|a Shipping list number: 86-839-P.
|
| 650 |
|
0 |
|a Education, Preschool
|z United States.
|
| 650 |
|
0 |
|a Educational equalization
|z United States.
|
| 610 |
1 |
0 |
|a United States.
|b Head Start Bureau.
|
| 610 |
2 |
0 |
|a Project Head Start (U.S.)
|
| 710 |
1 |
|
|a United States.
|b Head Start Bureau.
|
| 999 |
|
|
|a MARS
|
| 999 |
f |
f |
|s 7ae7891d-94b0-349d-9936-1d56246f6fe7
|i dddfac4f-3c41-3ae8-ae47-48c6efec928f
|t 0
|
| 952 |
f |
f |
|p normal
|a Texas A&M University
|b College Station
|c Sterling C. Evans Library
|d Evans: US Documents (Annex 5th floor)
|t 0
|e HE 23.1102:H 34/2/986
|h Superintendent of Documents classification
|i unmediated -- volume
|m A14812366566
|
| 998 |
f |
f |
|a HE 23.1102:H 34/2/986
|t 0
|l Evans: US Documents (Annex 5th floor)
|